European marketing data and statistics 2013.

Bibliographic Details
Format: Book
Published: London: Euromonitor International, 2012.
Edition:48th ed.
Subjects:
LEADER 00462cam a2200157 7i4500
001 0000029886
005 20130924090000.0
020 0 0 |a 9781842645871  
090 0 0 |a EURO 380.1   |b EUR 
245 0 0 |a European marketing data and statistics 2013. 
250 0 0 |a 48th ed. 
260 0 0 |a London:   |b Euromonitor International,   |c 2012. 
300 # # |a 406 p. 
650 0 0 |a Marketing --   |x Statistics --   |z Europe  
651 0 0 |a Europe  
999 |a B000033199  |b Book  |c Regions  |e Business Information Centre